| 000 | 00969nam a22002177a 4500 | ||
|---|---|---|---|
| 008 | 231222s2020 xxk|||||o|||| 00| 0 eng d | ||
| 041 | _aeng | ||
| 110 | _aRoyal Institution of Chartered Surveyors | ||
| 245 |
_aRICS Regulatory Tribunal Practice Direction _h[Electronic resource] |
||
| 250 | _aversion 2 | ||
| 260 |
_aLondon, _bRoyal Institution of Chartered Surveyors, _c2020 |
||
| 300 | _a5p. | ||
| 490 | _aRICS Regulation | ||
| 500 | _aVersion 2 with effect from 2 March 2020 | ||
| 520 | _aThe overriding objective of the Practice Direction is to provide a procedural code to enable the Tribunal to deal with disciplinary cases expeditiously, fairly and justly | ||
| 650 | _aPROFESSIONAL STANDARDS | ||
| 651 | _aInternational | ||
| 710 | _aRoyal Institution of Chartered Surveyors | ||
| 856 |
_uhttps://www.rics.org/content/dam/ricsglobal/documents/regulation/rics_regulatory_tribunal_practice_direction_a.pdf _zAvailable free on RICS.org |
||
| 942 | _n0 | ||
| 999 |
_c121743 _d121743 |
||